000 00669nam a2200193 a 4500
005 20210219160151.0
008 080922s1970 mx r 000 0 spa d
035 _aUPN01000159960
049 _aUNE
080 _a378.2 (100) =20 MET.
245 0 0 _aMethods of establishing equivalences between degrees and diplomas /
_cPrepared bythe International Association of Universities.
260 _aParis :
_bUNESCO,
_c1970.
300 _a143 p. ;
440 0 _aStudies on international equivalences of degrees
690 _aEquivalencia de diplomas- Enseñanza superior
710 2 _aUNESCO
710 2 _aAssociation Internationale des Universités.
905 _aUNESCO
999 _c132074
_d132074